| 000 | 00734nam a22002177a 4500 | ||
|---|---|---|---|
| 005 | 20151124153702.0 | ||
| 008 | 151124b sp||||| |||| 00| 0 spa d | ||
| 020 | _a8483105330 | ||
| 050 | 0 | 4 |
_aQ 175 _bS37 2006 |
| 100 | 1 | _aSchrödinger, Erwin | |
| 245 | 1 | 3 |
_aLa naturaleza de los griegos / _cErwin Schrödinger, |
| 250 | _aSegunda edición: 2006 | ||
| 260 |
_aBarcelona, España : _bTusquets, _c2006. |
||
| 300 |
_a132 paginas, _c20 X 13 centímetros, |
||
| 440 |
_aMetatemas _vNúmero: 48 |
||
| 500 | _aTitulo original: Nature and the Greeks | ||
| 504 | _aIncluye: Bibliografía | ||
| 650 | 7 |
_2Lemb _aFilosofía _xCiencias _zGracia |
|
| 700 | 1 |
_aSchrödinger, Erwin _eTraducción: Gómez Pin, Víctor |
|
| 942 |
_2lcc _cLIB |
||
| 999 |
_c109435 _d109435 |
||